| 000 | 00392cam a22001337a 4500 | ||
|---|---|---|---|
| 008 | 180718b1977 xxu||||| |||| 00| 0 eng d | ||
| 082 | _aZ2 C457 | ||
| 245 |
_aWorld food prospects and agricultural potential _cby Marylin Chou...[et.al.] |
||
| 260 |
_aNew York _bPraeger _c1977 |
||
| 300 | _a316p. | ||
| 650 | _aAgriculture --Economic aspects | ||
| 650 | _aFood supply | ||
| 700 | _aChou, Marylin | ||
| 999 |
_c341637 _d341637 |
||